All Jonah Hill Movies - Statistics

General Stats
  • This quiz has been taken 17 times
  • The average score is 13 of 55
Answer Stats
Year Role Answer % Correct
2007 Seth Superbad
93%
2012 Morton Schmidt 21 Jump Street
73%
2014 Morton Schmidt 22 Jump Street
73%
2013 Donnie Azoff The Wolf of Wall Street
73%
2016 Efraim Diveroli War Dogs
60%
2011 Peter Brand Moneyball
53%
2005 eBay Customer The 40-year-old Virgin
53%
2013 Jonah Hill This is the End
53%
2010 Snotlout Jorgenson (Voice) How to Train Your Dragon
47%
2019 Snotlout Jorgenson (Voice) How to Train Your Dragon: The Hidden World
47%
2012 Bag Head No.2 Django Unchained
40%
2021 Jason Orlean Don't Look Up
40%
2014 Snotlout Jorgenson (Voice) How to Train Your Dragon 2
40%
2007 Jonah Knocked Up
40%
2014 Green Lantern / Hal Jordan (Voice) The Lego Movie
33%
2023 Ezra Cohen You People
33%
2006 Sherman Schrader Accepted
27%
2008 Matthew Van Der Wyk Forgetting Sarah Marshall
27%
2010 Hal Stewart / Tighten (Voice) Megamind
27%
2018 Didnt Act, Director, Writer, Producer Mid90s
27%
2017 Green Lantern (Voice) The Lego Batman Movie
27%
2010 Cyrus Cyrus
20%
2009 Leo Koenig Funny People
20%
2010 Aaron Green Get Him to the Greek
20%
2019 Green Lantern / Hal Jordan (Voice) The Lego Movie 2: The Second Part
20%
2009 Didnt act, Was Associate Producer Brüno
13%
2006 Ben Newman at 17 Years Old Click
13%
2009 Brundon Night at the museum: Battle of the Smithsonian
13%
2019 Didnt Act, Producer Richard Jewell
13%
2016 Carl (Voice) Sausage Party
13%
2011 Noah Griffith The Sitter
13%
2012 Franklin The Watch
13%
2007 Older Nate Cox Walk Hard: The Dewey Cox Story
13%
2024 Didnt Act, Producer Y2K
13%
2006 Packy 10 Items or less
7%
2017 Green Lantern (Voice) Batman Is Just Not That Into You
7%
2018 Donnie Green Don't Worry, He Won't Get Far on Foot
7%
2007 Eugene "Gene" Tannenbaum Evan Almighty
7%
2006 Barry Grandma's Boy
7%
2016 Joseph Silverman Hail, Caesar!
7%
2008 Tommy (Voice) Horton Hears a Who!
7%
2004 Bret I Heart Huckabees
7%
TBA Ira Slitz Outcome
7%
2007 Junior Philosopher Rocket Science
7%
2008 Cooker Strange Wilderness
7%
2022 Himself Stutz
7%
2019 Lewis The Beach Bum
7%
2009 Frank The Invention of Lying
7%
2022 Didnt Act, Producer This Place Rules
7%
2015 Michael Finkel True Story
7%
2016 Didnt Act, Story writer and producer Why Him?
7%
2011 Snotlout Jorgenson (Voice) Gift of the Night Fury
0%
2007 Slick Rubin HJ Train
0%
2008 Eddie Tuckby Just Add Water
0%
2010 Snotlout Jorgenson (Voice) Legend of the Boneknapper Dragon
0%
No matching quizzes found
Score Distribution
Percent of People with Each Score
Percentile by Number Answered
Your Score History
You have not taken this quiz